000 00230nam a2200085Ia 4500
245 0 _aOns reenboogland
100 _a LEWIS, Irene Kaapstad, 2003 1ste uitg
_995880
942 _cBK
008 210817s9999 xx 000 0 und d
999 _c400728
_d400727